00822nam a22000977a 4500040000800000082002700008100004100035245060200076260002500678300002100703 cRUA aLMA ROU 2024 B701 Or.1 aROUS NARA, រស់ ណារ៉ា aStudy On The Procedures For Obtaining A Property Ownership Certificate Through A Formal Registration Process Located In Char Chhouk Commune, Angkor Chum District, Siem Reap Province, សិក្សាពីនីតិវិធីផ្ដល់វិញ្ញាបនបត្រសម្គាល់ម្ចាស់អចលនវត្ថុតាមរយៈការចុះបញ្ចីដីធ្លីមានលក្ខណៈដាច់ដោយដុំ ស្ថិតនៅឃុំចារឈូក ស្រុកអង្គរជុំ ខេត្តសៀមរាប aPHNOM PENHbRUAc024 axi,bill,c29cm,